<?xml version="1.0" encoding="UTF-8"?>
<collection xmlns="http://www.loc.gov/MARC21/slim">
 <record>
  <leader>     na                 </leader>
  <controlfield tag="001">INLIS000000000008972</controlfield>
  <controlfield tag="005">20221103102803</controlfield>
  <datafield tag="035" ind1=" " ind2=" ">
   <subfield code="a">0010-0520008972</subfield>
  </datafield>
  <controlfield tag="008">221103                |          | ind  </controlfield>
  <datafield tag="020" ind1=" " ind2=" ">
   <subfield code="a">978852006</subfield>
  </datafield>
  <datafield tag="041" ind1=" " ind2=" ">
   <subfield code="a">ind</subfield>
  </datafield>
  <datafield tag="082" ind1=" " ind2=" ">
   <subfield code="a">342.59802</subfield>
  </datafield>
  <datafield tag="084" ind1=" " ind2=" ">
   <subfield code="a">342.59802 SAR</subfield>
  </datafield>
  <datafield tag="100" ind1="0" ind2=" ">
   <subfield code="a">Sarasehan Nasional 2011:Implementasi nilai-nilai Pancasila dalam menegakkan konstitusionalitas Indonesia</subfield>
  </datafield>
  <datafield tag="245" ind1="1" ind2=" ">
   <subfield code="a">Prosiding Sarasehan Nasional 2011 :</subfield>
   <subfield code="b">Implementasi nilai-nilai Pancasila dalam menegakkan konstitusionalitas Indonesia /</subfield>
   <subfield code="c">Editor Surono Miftakhul Huda</subfield>
  </datafield>
  <datafield tag="260" ind1=" " ind2=" ">
   <subfield code="a">Jakarta :</subfield>
   <subfield code="b">Direktorat jendral hak kekayaan intelektual,</subfield>
   <subfield code="c">2011</subfield>
  </datafield>
  <datafield tag="300" ind1=" " ind2=" ">
   <subfield code="a">viii, 260 hlm.; 22,5 cm ;</subfield>
   <subfield code="c">22,5 cm</subfield>
  </datafield>
  <datafield tag="520" ind1=" " ind2=" ">
   <subfield code="a">Buku ini merupakan prosiding dari kegiatan Sarasehan Nasional 2011 yang mengambil tema &quot;Implementasi Nilai-Nilai Pancasila dalam Menegakkan Konstitusionalitas Indonesia&quot; kerjasama Mahkamah Konstitusi RI dengan Universitas Gadjah Mada. Acara ini berupaya mengkaji konstitusionalitas Indonesia dengan tolok ukur Pancasila di tengah melemahnya nilai-nilai Pancasila dalam kehidupan berbangsa dan bernegara dan keprihatinan konstitusional penyelenggaraan negara secara idiil dan masyarakat berdasarkan pada nilai-nilai Pancasila. Berbagai makalah yang disajikan merupakan kumpulan pemikiran dari para tokoh, akademisi, dan para praktisi di bidangnya masing-masing. Berbagai pemikiran ini diharapkan berguna untuk merevitalisasi, menginternalisasikan, dan mengimplementasikan nilai-nilai Pancasila dalam rangka pembudayaan kesadaran berkonstitusi, pembentukan hukum, dan penegakkan keadilan substantif yang dibingkai oleh nilai-nilai Pancasila dalam menegakkan konstitusionalitas Indonesia.</subfield>
  </datafield>
  <datafield tag="650" ind1=" " ind2="4">
   <subfield code="a">Pancasila-Congresses</subfield>
  </datafield>
  <datafield tag="650" ind1=" " ind2="4">
   <subfield code="a">Constitutional law-Indonesia-Congresses</subfield>
  </datafield>
  <datafield tag="650" ind1=" " ind2="4">
   <subfield code="a">Indonesia-Mahkamah Konstitusi</subfield>
  </datafield>
  <datafield tag="990" ind1=" " ind2=" ">
   <subfield code="a">22774/MKRI-P/VIII-2013</subfield>
  </datafield>
  <datafield tag="990" ind1=" " ind2=" ">
   <subfield code="a">22775/MKRI-P/VIII-2013</subfield>
  </datafield>
  <datafield tag="990" ind1=" " ind2=" ">
   <subfield code="a">22776/MKRI-P/VIII-2013</subfield>
  </datafield>
  <datafield tag="990" ind1=" " ind2=" ">
   <subfield code="a">25663/MKRI-P/IV-2017</subfield>
  </datafield>
  <datafield tag="990" ind1=" " ind2=" ">
   <subfield code="a">25664/MKRI-P/IV-2017</subfield>
  </datafield>
  <datafield tag="990" ind1=" " ind2=" ">
   <subfield code="a">22774/MKRI-P/VIII-2013</subfield>
  </datafield>
  <datafield tag="990" ind1=" " ind2=" ">
   <subfield code="a">22775/MKRI-P/VIII-2013</subfield>
  </datafield>
  <datafield tag="990" ind1=" " ind2=" ">
   <subfield code="a">22776/MKRI-P/VIII-2013</subfield>
  </datafield>
  <datafield tag="990" ind1=" " ind2=" ">
   <subfield code="a">25663/MKRI-P/IV-2017</subfield>
  </datafield>
  <datafield tag="990" ind1=" " ind2=" ">
   <subfield code="a">25664/MKRI-P/IV-2017</subfield>
  </datafield>
  <datafield tag="990" ind1=" " ind2=" ">
   <subfield code="a">25663/MKRI-P/IV-2017</subfield>
  </datafield>
  <datafield tag="990" ind1=" " ind2=" ">
   <subfield code="a">22774/MKRI-P/VIII-2013</subfield>
  </datafield>
  <datafield tag="990" ind1=" " ind2=" ">
   <subfield code="a">22775/MKRI-P/VIII-2013</subfield>
  </datafield>
  <datafield tag="990" ind1=" " ind2=" ">
   <subfield code="a">22776/MKRI-P/VIII-2013</subfield>
  </datafield>
  <datafield tag="990" ind1=" " ind2=" ">
   <subfield code="a">25664/MKRI-P/IV-2017</subfield>
  </datafield>
  <datafield tag="990" ind1=" " ind2=" ">
   <subfield code="a">22776/MKRI-P/VIII-2013</subfield>
  </datafield>
  <datafield tag="990" ind1=" " ind2=" ">
   <subfield code="a">22774/MKRI-P/VIII-2013</subfield>
  </datafield>
  <datafield tag="990" ind1=" " ind2=" ">
   <subfield code="a">22775/MKRI-P/VIII-2013</subfield>
  </datafield>
  <datafield tag="990" ind1=" " ind2=" ">
   <subfield code="a">25663/MKRI-P/IV-2017</subfield>
  </datafield>
  <datafield tag="990" ind1=" " ind2=" ">
   <subfield code="a">25664/MKRI-P/IV-2017</subfield>
  </datafield>
  <datafield tag="990" ind1=" " ind2=" ">
   <subfield code="a">25664/MKRI-P/IV-2017</subfield>
  </datafield>
  <datafield tag="990" ind1=" " ind2=" ">
   <subfield code="a">22774/MKRI-P/VIII-2013</subfield>
  </datafield>
  <datafield tag="990" ind1=" " ind2=" ">
   <subfield code="a">22775/MKRI-P/VIII-2013</subfield>
  </datafield>
  <datafield tag="990" ind1=" " ind2=" ">
   <subfield code="a">22776/MKRI-P/VIII-2013</subfield>
  </datafield>
  <datafield tag="990" ind1=" " ind2=" ">
   <subfield code="a">25663/MKRI-P/IV-2017</subfield>
  </datafield>
 </record>
</collection>
